|
|
|
|
| LEADER |
00000cab a2200000 a 4500 |
| 001 |
vtls010571458 |
| 003 |
SK-MaSNL |
| 005 |
20260304182307.0 |
| 008 |
140123c2013 xo wr n 0 0slo |
| 038 |
|
|
|a SLLK
|
| 040 |
|
|
|a SLLK
|b slo
|c sllk
|d SVKPOCL
|e AACR2
|
| 041 |
|
|
|a slo
|
| 044 |
|
|
|a xo
|c SK
|
| 080 |
|
|
|a 069.013
|2 2001
|
| 080 |
|
|
|a 316.344.6-056.263
|2 2001
|
| 245 |
0 |
0 |
|a Hrad Ľubovňa zbúral bariéry
|c [autor] (ts)
|
| 300 |
|
|
|b Fotogr.
|
| 610 |
2 |
7 |
|a Ľubovnianske múzeum (Stará Ľubovňa, Slovensko)
|2 sllk
|9 33159
|
| 611 |
2 |
7 |
|a Samospráva a Slovensko bez bariér 2010-2013
|d (2013 :
|c Slovensko)
|2 sllk
|9 1513246
|
| 648 |
|
7 |
|a 2013
|2 sllk
|9 324251
|
| 650 |
0 |
7 |
|a nepočujúci
|2 sllk
|9 1082
|
| 650 |
0 |
7 |
|a sluchovo postihnutí
|2 sllk
|9 29680
|
| 650 |
0 |
7 |
|a múzejné expozície
|2 sllk
|9 81737
|
| 650 |
0 |
7 |
|a virtuálni sprievodcovia
|2 sllk
|9 1513185
|
| 650 |
0 |
7 |
|a nevidiaci a slabozrakí
|2 sllk
|9 1182255
|
| 651 |
|
7 |
|a Stará Ľubovňa (Slovensko)
|2 sllk
|9 19193
|
| 773 |
0 |
|
|t Ľubovnianske noviny
|g Roč. XXXVIII, č. 48, 49 (2013), s. 7
|x 1338-0346
|
| 999 |
|
|
|c 3028513
|d 3030443
|